[Event "Portugal Open Semirrapidas"]
[Site "Lisboa POR"]
[Date "2020.02.02"]
[Round "7.1"]
[White "GRIGORYAN, Karen H."]
[Black "INDJIC, Aleksandar"]
[Result "1-0"]
[BlackElo "2533"]
[WhiteElo "2667"]
[LiveChessVersion "1.4.8"]

1. Nf3 c5 2. c4 Nc6 3. d4 cxd4 4. Nxd4 Nf6 5. Nc3 e6 6. Bg5 Be7 7. e3 Qa5 8. Bh4
a6 9. Nb3 Qf5 10. Bd3 Qg4 11. Qxg4 Nxg4 12. Bxe7 Kxe7 13. c5 d6 14. cxd6+ Kxd6
15. Be2 Nf6 16. Na4 Bd7 17. Nac5 Kc7 18. Nxd7 Nxd7 19. f4 Rac8 20. Bf3 Rhd8 21.
Ke2 Kb6 22. Rac1 Nf6 23. g4 Rd6 24. g5 Nd5 25. Rhd1 Rcd8 26. Rd2 Nde7 27. Rxd6
Rxd6 28. Nd2 Rd7 29. Nc4+ Ka7 30. Rd1 Nd5 31. h4 b5 32. Nd2 Kb6 33. Ne4 Rd8 34.
Ng3 h6 35. Bxd5 exd5 36. gxh6 gxh6 37. Nf5 h5 38. Rg1 d4 39. e4 a5 40. Rg7 Rd7
41. Rh7 Nd8 42. Ng3 d3+ 43. Kd2 Ne6 44. Nxh5 Nc5 45. Nf6 Rd4 46. Rxf7 Rc4 47.
Nd5+ Ka6 48. Ne3 Rd4 49. h5 Nxe4+ 50. Kd1 d2 51. Re7 Nf2+ 52. Ke2 d1=Q+ 53. Nxd1
Nxd1 54. h6 Nxb2 55. h7 Rd8 56. f5 Nd3 57. f6 Nf4+ 58. Kf3 Nd5 59. Rd7 Rh8 60.
Rxd5 Rxh7 61. Kg4 b4 62. Kg5 a4 63. Kg6 Rh8 64. Kg7 Ra8 65. f7 b3 66. axb3 1-0

[Event "Portugal Open Semirrapidas"]
[Site "Lisboa POR"]
[Date "2020.02.02"]
[Round "7.2"]
[White "ALEKSEEV, Evgeny"]
[Black "GHAMARIAN, Tigran"]
[Result "1/2-1/2"]
[BlackElo "2597"]
[WhiteElo "2621"]
[LiveChessVersion "1.4.8"]

1. e4 {[%clk 0:15:07]} c6 {[%clk 0:15:09]} 2. d4 {[%clk 0:15:11]} d5
{[%clk 0:15:13]} 3. exd5 {[%clk 0:15:14]} cxd5 {[%clk 0:15:16]} 4. Bd3
{[%clk 0:15:18]} Nf6 {[%clk 0:15:19]} 5. h3 {[%clk 0:15:15]} Nc6 {[%clk 0:15:12]}
6. c3 {[%clk 0:15:11]} g6 {[%clk 0:15:08]} 7. Nf3 {[%clk 0:15:14]} Bf5
{[%clk 0:15:11]} 8. O-O {[%clk 0:15:16]} Bxd3 {[%clk 0:15:13]} 9. Qxd3
{[%clk 0:15:20]} Bg7 {[%clk 0:15:06]} 10. Re1 {[%clk 0:15:21]} O-O
{[%clk 0:15:08]} 11. Nbd2 {[%clk 0:15:19]} e6 {[%clk 0:15:02]} 12. Nb3
{[%clk 0:15:03]} Ne4 {[%clk 0:14:43]} 13. Bf4 {[%clk 0:14:59]} Re8
{[%clk 0:14:43]} 14. Nfd2 {[%clk 0:14:32]} Nd6 {[%clk 0:14:26]} 15. Nf3
{[%clk 0:13:52]} Rc8 {[%clk 0:14:24]} 16. Re2 {[%clk 0:13:47]} Nc4
{[%clk 0:14:02]} 17. Rae1 {[%clk 0:13:41]} Qb6 {[%clk 0:13:40]} 18. Qb1
{[%clk 0:13:00]} Qd8 {[%clk 0:12:01]} 19. Nc5 {[%clk 0:11:45]} b6
{[%clk 0:11:46]} 20. Nd3 {[%clk 0:11:44]} Nd6 {[%clk 0:10:40]} 21. Nfe5
{[%clk 0:10:42]} Nxe5 {[%clk 0:10:35]} 22. Bxe5 {[%clk 0:10:40]} Nc4
{[%clk 0:09:57]} 23. Bxg7 {[%clk 0:10:37]} Kxg7 {[%clk 0:10:02]} 24. Qc1
{[%clk 0:10:04]} Qf6 {[%clk 0:10:03]} 25. g3 {[%clk 0:08:54]} Qf5
{[%clk 0:08:33]} 26. Nf4 {[%clk 0:08:56]} Rcd8 {[%clk 0:08:36]} 27. Kg2
{[%clk 0:08:07]} Qf6 {[%clk 0:07:10]} 28. h4 {[%clk 0:07:43]} h6 {[%clk 0:07:01]}
29. Qc2 {[%clk 0:07:01]} b5 {[%clk 0:05:34]} 30. a3 {[%clk 0:05:46]} Qf5
{[%clk 0:04:49]} 31. Qxf5 {[%clk 0:05:31]} gxf5 {[%clk 0:04:53]} 32. f3
{[%clk 0:05:13]} a5 {[%clk 0:04:28]} 33. Kh3 {[%clk 0:04:31]} Nd6
{[%clk 0:03:58]} 34. Nh5+ {[%clk 0:04:00]} Kg6 {[%clk 0:03:55]} 35. Nf4+
{[%clk 0:04:00]} Kf6 {[%clk 0:03:49]} 36. Nh5+ {[%clk 0:03:45]} Kg6
{[%clk 0:03:54]} 37. Nf4+ {[%clk 0:03:40]} 1/2-1/2

[Event "Portugal Open Semirrapidas"]
[Site "Lisboa POR"]
[Date "2020.02.02"]
[Round "7.3"]
[White "MOTYLEV, Alexander"]
[Black "ASADLI, Vugar"]
[Result "1/2-1/2"]
[BlackElo "2273"]
[WhiteElo "2711"]
[LiveChessVersion "1.4.8"]

1. e4 {[%clk 0:15:08]} e5 {[%clk 0:15:10]} 2. Nf3 {[%clk 0:15:11]} Nc6
{[%clk 0:15:14]} 3. d4 {[%clk 0:15:13]} exd4 {[%clk 0:15:11]} 4. Nxd4
{[%clk 0:15:17]} Bc5 {[%clk 0:15:15]} 5. Nxc6 {[%clk 0:15:20]} Qf6
{[%clk 0:15:19]} 6. Qf3 {[%clk 0:15:23]} dxc6 {[%clk 0:15:22]} 7. Nc3
{[%clk 0:15:26]} Be6 {[%clk 0:15:26]} 8. Be3 {[%clk 0:15:30]} Qxf3
{[%clk 0:15:22]} 9. gxf3 {[%clk 0:15:33]} Bxe3 {[%clk 0:15:26]} 10. fxe3
{[%clk 0:15:36]} Ne7 {[%clk 0:15:29]} 11. Bd3 {[%clk 0:15:20]} O-O
{[%clk 0:14:24]} 12. Kf2 {[%clk 0:15:17]} c5 {[%clk 0:14:17]} 13. Rad1
{[%clk 0:15:01]} Rad8 {[%clk 0:14:01]} 14. Be2 {[%clk 0:14:50]} a6
{[%clk 0:13:45]} 15. f4 {[%clk 0:14:27]} f6 {[%clk 0:13:10]} 16. b3
{[%clk 0:13:47]} b5 {[%clk 0:12:50]} 17. a4 {[%clk 0:13:20]} c6 {[%clk 0:12:06]}
18. Rxd8 {[%clk 0:08:07]} Rxd8 {[%clk 0:12:10]} 19. Ra1 {[%clk 0:08:09]} g6
{[%clk 0:11:10]} 20. axb5 {[%clk 0:07:34]} axb5 {[%clk 0:11:14]} 21. Ra7
{[%clk 0:07:30]} Kf7 {[%clk 0:11:07]} 22. Ke1 {[%clk 0:06:56]} Rd7
{[%clk 0:11:10]} 23. Ra8 {[%clk 0:06:30]} f5 {[%clk 0:11:14]} 24. Bf3
{[%clk 0:06:10]} c4 {[%clk 0:10:29]} 25. b4 {[%clk 0:06:02]} h6 {[%clk 0:10:06]}
26. exf5 {[%clk 0:05:17]} gxf5 {[%clk 0:09:47]} 27. Bh5+ {[%clk 0:04:47]} Kg7
{[%clk 0:09:29]} 28. Be8 {[%clk 0:04:32]} Rc7 {[%clk 0:09:22]} 29. Ra6
{[%clk 0:04:19]} Bf7 {[%clk 0:08:02]} 30. Bxf7 {[%clk 0:04:03]} Kxf7
{[%clk 0:08:05]} 31. Ke2 {[%clk 0:03:52]} Rd7 {[%clk 0:08:01]} 32. Ra8
{[%clk 0:03:19]} Rd6 {[%clk 0:07:57]} 33. Ra7 {[%clk 0:02:36]} Rg6
{[%clk 0:07:53]} 34. Kf3 {[%clk 0:02:21]} Rd6 {[%clk 0:07:31]} 35. e4
{[%clk 0:01:19]} Ke6 {[%clk 0:07:10]} 36. Rc7 {[%clk 0:00:31]} fxe4+
{[%clk 0:05:38]} 37. Nxe4 {[%clk 0:00:32]} Rd4 {[%clk 0:05:31]} 38. Nc5+
{[%clk 0:00:28]} Kf6 {[%clk 0:05:27]} 39. Ne4+ {[%clk 0:00:18]} Ke6
{[%clk 0:05:30]} 40. Nc5+ {[%clk 0:00:14]} Kf6 {[%clk 0:05:21]} 41. Ne4+
{[%clk 0:00:08]} Ke6 {[%clk 0:04:48]} 42. Nc5+ {[%clk 0:00:11]} Kf6
{[%clk 0:04:21]} 43. Ne4+ {[%clk 0:00:13]} Ke6 {[%clk 0:04:21]} 44. Nc5+ Kf7 45.
Ne4 Ke6 46. f5+ Nxf5 47. Rxc6+ Ke5 48. Rc5+ Rd5 49. Rxd5+ Kxd5 50. Nc3+ Kc6
{[%clk 0:15:05]} 51. Ke4 {[%clk 0:15:05]} 1/2-1/2

[Event "Portugal Open Semirrapidas"]
[Site "Lisboa POR"]
[Date "2020.02.02"]
[Round "7.4"]
[White "ITURRIZAGA, Eduardo"]
[Black "SOUSA, André V"]
[Result "1/2-1/2"]
[BlackElo "2281"]
[WhiteElo "2643"]
[LiveChessVersion "1.4.8"]

1. c4 {[%clk 0:15:09]} e6 {[%clk 0:15:09]} 2. Nf3 {[%clk 0:15:07]} Nf6
{[%clk 0:15:13]} 3. b3 {[%clk 0:14:51]} d5 {[%clk 0:15:14]} 4. Bb2
{[%clk 0:14:55]} Be7 {[%clk 0:14:55]} 5. e3 {[%clk 0:14:50]} b6 {[%clk 0:14:55]}
6. cxd5 {[%clk 0:14:46]} exd5 {[%clk 0:14:58]} 7. g3 {[%clk 0:14:49]} O-O
{[%clk 0:14:57]} 8. Bg2 {[%clk 0:14:53]} Re8 {[%clk 0:14:28]} 9. O-O
{[%clk 0:14:56]} c5 {[%clk 0:14:12]} 10. d4 {[%clk 0:14:58]} Nbd7
{[%clk 0:13:50]} 11. Nc3 {[%clk 0:15:00]} Ba6 {[%clk 0:13:43]} 12. Re1
{[%clk 0:15:02]} Rc8 {[%clk 0:13:47]} 13. Ne5 {[%clk 0:14:53]} Bd6
{[%clk 0:13:29]} 14. Nxd7 {[%clk 0:14:05]} Qxd7 {[%clk 0:13:32]} 15. dxc5
{[%clk 0:14:02]} Be5 {[%clk 0:13:10]} 16. Nxd5 {[%clk 0:09:34]} Nxd5
{[%clk 0:11:20]} 17. Bxe5 {[%clk 0:09:38]} Rxe5 {[%clk 0:10:54]} 18. f4
{[%clk 0:09:42]} Ree8 {[%clk 0:09:57]} 19. Qxd5 {[%clk 0:09:45]} Qxd5
{[%clk 0:09:40]} 20. Bxd5 {[%clk 0:09:49]} Rxc5 {[%clk 0:09:44]} 21. e4
{[%clk 0:09:54]} Rec8 {[%clk 0:09:48]} 22. Rad1 {[%clk 0:09:37]} Kf8
{[%clk 0:09:50]} 23. e5 {[%clk 0:09:10]} Rc2 {[%clk 0:09:09]} 24. a4
{[%clk 0:06:38]} Be2 {[%clk 0:08:29]} 25. Rd4 {[%clk 0:06:10]} Rd8
{[%clk 0:08:22]} 26. Be4 {[%clk 0:06:12]} Rxd4 {[%clk 0:08:20]} 27. Bxc2
{[%clk 0:06:15]} Rd2 {[%clk 0:08:04]} 28. Bxh7 {[%clk 0:06:18]} g6
{[%clk 0:07:29]} 29. e6 {[%clk 0:06:21]} Bg4 {[%clk 0:06:34]} 30. exf7
{[%clk 0:04:50]} Kxf7 {[%clk 0:06:36]} 31. Re5 {[%clk 0:04:54]} Bh3
{[%clk 0:05:30]} 32. Rg5 {[%clk 0:04:33]} Rg2+ {[%clk 0:05:33]} 33. Kf1
{[%clk 0:02:19]} Rxg3+ {[%clk 0:05:22]} 34. Ke2 {[%clk 0:02:15]} Rxg5
{[%clk 0:05:26]} 35. fxg5 {[%clk 0:02:19]} Kg7 {[%clk 0:05:30]} 36. Bxg6
{[%clk 0:02:22]} Kxg6 {[%clk 0:05:34]} 37. Kd3 {[%clk 0:01:54]} Kxg5
{[%clk 0:05:16]} 38. Kc4 {[%clk 0:01:49]} Be6+ {[%clk 0:04:40]} 39. Kb5
{[%clk 0:01:49]} Bxb3 {[%clk 0:04:41]} 1/2-1/2

[Event "Portugal Open Semirrapidas"]
[Site "Lisboa POR"]
[Date "2020.02.02"]
[Round "7.5"]
[White "LEKIC, Dusan"]
[Black "STACHOWIAK, Kamil"]
[Result "0-1"]
[BlackElo "2500"]
[WhiteElo "2357"]
[LiveChessVersion "1.4.8"]

1. d4 {[%clk 0:15:07]} Nf6 {[%clk 0:15:09]} 2. c4 {[%clk 0:15:11]} c5
{[%clk 0:15:11]} 3. d5 {[%clk 0:15:15]} b5 {[%clk 0:15:14]} 4. cxb5
{[%clk 0:15:15]} a6 {[%clk 0:15:18]} 5. bxa6 {[%clk 0:15:15]} g6 {[%clk 0:15:18]}
6. Nc3 {[%clk 0:15:18]} Bxa6 {[%clk 0:15:21]} 7. e4 {[%clk 0:15:08]} Bxf1
{[%clk 0:15:24]} 8. Kxf1 {[%clk 0:15:12]} d6 {[%clk 0:15:27]} 9. Nge2
{[%clk 0:14:55]} Bg7 {[%clk 0:15:29]} 10. g3 {[%clk 0:14:58]} O-O
{[%clk 0:15:29]} 11. Kg2 {[%clk 0:15:00]} Nbd7 {[%clk 0:15:33]} 12. Bg5
{[%clk 0:14:45]} Qb6 {[%clk 0:15:19]} 13. Qd2 {[%clk 0:14:29]} Rfb8
{[%clk 0:15:20]} 14. Rab1 {[%clk 0:14:01]} Ne5 {[%clk 0:14:41]} 15. b3
{[%clk 0:13:53]} Qb4 {[%clk 0:14:33]} 16. f3 {[%clk 0:13:53]} Qa3
{[%clk 0:12:20]} 17. Rhc1 {[%clk 0:13:23]} Qa6 {[%clk 0:12:01]} 18. a4
{[%clk 0:13:02]} h5 {[%clk 0:09:44]} 19. Nb5 {[%clk 0:12:57]} Qb7
{[%clk 0:09:15]} 20. Nec3 {[%clk 0:12:33]} Rc8 {[%clk 0:08:57]} 21. h3
{[%clk 0:12:07]} c4 {[%clk 0:09:00]} 22. b4 {[%clk 0:11:23]} Nd3 {[%clk 0:08:39]}
23. Rc2 {[%clk 0:11:01]} Ne8 {[%clk 0:07:52]} 24. Be3 {[%clk 0:10:43]} e6
{[%clk 0:07:47]} 25. dxe6 {[%clk 0:10:19]} fxe6 {[%clk 0:07:51]} 26. Nd4
{[%clk 0:09:59]} Qf7 {[%clk 0:06:27]} 27. b5 {[%clk 0:09:47]} d5 {[%clk 0:06:31]}
28. exd5 {[%clk 0:09:43]} exd5 {[%clk 0:06:35]} 29. b6 {[%clk 0:09:24]} Nd6 30.
Ra2 {[%clk 0:07:51]} Rf8 {[%clk 0:06:41]} 31. f4 {[%clk 0:07:31]} Nf5
{[%clk 0:06:04]} 32. Nxf5 {[%clk 0:07:20]} Qxf5 {[%clk 0:06:06]} 33. b7
{[%clk 0:06:58]} Rab8 {[%clk 0:06:09]} 34. Ba7 {[%clk 0:06:56]} d4
{[%clk 0:05:09]} 35. Bxb8 {[%clk 0:06:09]} dxc3 {[%clk 0:05:13]} 36. Qe3
{[%clk 0:05:28]} Nxf4+ {[%clk 0:03:02]} 37. Qxf4 {[%clk 0:03:49]} Qxb1
{[%clk 0:02:56]} 38. Qxc4+ {[%clk 0:03:53]} Kh7 {[%clk 0:02:59]} 39. Bd6
{[%clk 0:03:51]} Qxb7+ {[%clk 0:02:56]} 40. Kg1 {[%clk 0:03:39]} Rc8
{[%clk 0:01:55]} 0-1

[Event "Portugal Open Semirrapidas"]
[Site "Lisboa POR"]
[Date "2020.02.02"]
[Round "7.6"]
[White "CAMPORA, Daniel"]
[Black "JARACZ, Pawel"]
[Result "1/2-1/2"]
[BlackElo "2434"]
[WhiteElo "2367"]
[LiveChessVersion "1.4.8"]

1. e4 {[%clk 0:15:09]} c5 {[%clk 0:15:08]} 2. Nf3 {[%clk 0:15:13]} e6
{[%clk 0:15:10]} 3. c3 {[%clk 0:15:16]} Nf6 {[%clk 0:15:13]} 4. d3
{[%clk 0:15:18]} Be7 {[%clk 0:15:12]} 5. Nbd2 {[%clk 0:15:18]} d6
{[%clk 0:15:14]} 6. Be2 {[%clk 0:15:18]} O-O {[%clk 0:15:15]} 7. O-O
{[%clk 0:15:22]} b6 {[%clk 0:15:19]} 8. a3 {[%clk 0:15:20]} Bb7 {[%clk 0:15:20]}
9. b4 {[%clk 0:15:23]} Nbd7 {[%clk 0:15:15]} 10. Re1 {[%clk 0:15:16]} Rc8
{[%clk 0:15:01]} 11. Bb2 {[%clk 0:14:53]} Qc7 {[%clk 0:15:02]} 12. Bf1
{[%clk 0:14:29]} a6 {[%clk 0:14:46]} 13. Rc1 {[%clk 0:14:22]} b5 {[%clk 0:14:37]}
14. c4 {[%clk 0:14:08]} Qb8 {[%clk 0:14:06]} 15. Qb3 {[%clk 0:13:45]} bxc4
{[%clk 0:13:56]} 16. dxc4 {[%clk 0:13:10]} cxb4 {[%clk 0:13:57]} 17. axb4
{[%clk 0:13:13]} Bd8 {[%clk 0:11:42]} 18. Ra1 {[%clk 0:12:50]} Bb6
{[%clk 0:11:41]} 19. Bd4 {[%clk 0:12:31]} Qc7 {[%clk 0:11:27]} 20. h3
{[%clk 0:12:23]} Rb8 {[%clk 0:11:28]} 21. Qe3 {[%clk 0:12:04]} Bxd4
{[%clk 0:11:23]} 22. Nxd4 {[%clk 0:12:07]} Rfe8 {[%clk 0:10:22]} 23. Rec1
{[%clk 0:11:51]} Rec8 {[%clk 0:10:07]} 24. c5 {[%clk 0:11:07]} dxc5
{[%clk 0:09:22]} 25. bxc5 {[%clk 0:11:11]} Ne5 {[%clk 0:08:03]} 26. Bxa6
{[%clk 0:11:04]} Bxa6 {[%clk 0:08:06]} 27. Rxa6 {[%clk 0:11:07]} Qb7
{[%clk 0:07:55]} 28. Raa1 {[%clk 0:11:03]} Nfd7 {[%clk 0:07:47]} 29. Rab1
{[%clk 0:09:43]} Qa7 {[%clk 0:07:47]} 30. Rxb8 {[%clk 0:09:26]} Nxb8
{[%clk 0:07:50]} 31. Nb5 {[%clk 0:09:14]} Qa5 {[%clk 0:07:38]} 32. Nd6
{[%clk 0:09:10]} Rc7 {[%clk 0:07:40]} 33. Nb3 {[%clk 0:09:04]} Qb4
{[%clk 0:06:49]} 34. Qc3 {[%clk 0:08:27]} Nbc6 {[%clk 0:06:26]} 35. f4
{[%clk 0:08:17]} Qxc3 {[%clk 0:05:56]} 36. Rxc3 {[%clk 0:08:21]} Nd7
{[%clk 0:05:50]} 37. Rc4 {[%clk 0:07:49]} e5 {[%clk 0:05:38]} 38. f5
{[%clk 0:07:41]} Ra7 {[%clk 0:05:35]} 39. Nd2 {[%clk 0:07:09]} g6
{[%clk 0:05:31]} 40. fxg6 {[%clk 0:07:09]} hxg6 {[%clk 0:05:34]} 41. Nf3
{[%clk 0:07:10]} f6 {[%clk 0:04:59]} 42. h4 {[%clk 0:06:10]} Ra5 {[%clk 0:04:58]}
43. Rc1 {[%clk 0:06:03]} Rxc5 {[%clk 0:04:58]} 44. Rd1 {[%clk 0:06:01]} Nf8
{[%clk 0:04:51]} 45. Nb7 {[%clk 0:05:55]} Rb5 {[%clk 0:04:45]} 46. Rd6
{[%clk 0:05:40]} Ne7 {[%clk 0:04:20]} 47. Nd8 {[%clk 0:05:33]} Kg7
{[%clk 0:04:24]} 48. g4 {[%clk 0:05:26]} Rb4 {[%clk 0:04:25]} 49. g5
{[%clk 0:05:27]} fxg5 {[%clk 0:04:28]} 50. Nxg5 {[%clk 0:05:31]} Kg8
{[%clk 0:04:07]} 51. Kg2 {[%clk 0:05:29]} Rd4 {[%clk 0:04:06]} 52. Rxd4
{[%clk 0:05:23]} exd4 {[%clk 0:04:10]} 53. Kf3 {[%clk 0:05:19]} Nd7
{[%clk 0:04:12]} 54. Kf4 {[%clk 0:05:14]} Nc5 {[%clk 0:04:06]} 55. Nf3
{[%clk 0:04:59]} d3 {[%clk 0:03:46]} 56. Ke3 {[%clk 0:04:58]} Kf8
{[%clk 0:03:50]} 57. Kd4 {[%clk 0:04:55]} Nxe4 {[%clk 0:03:26]} 58. Kxe4
{[%clk 0:04:56]} Nf5 {[%clk 0:03:19]} 59. Kxd3 {[%clk 0:04:53]} Ke7
{[%clk 0:03:12]} 60. Nc6+ {[%clk 0:04:56]} Kf6 {[%clk 0:03:12]} 61. Ke4
{[%clk 0:04:59]} g5 {[%clk 0:03:08]} 62. hxg5+ {[%clk 0:04:59]} Kg6
{[%clk 0:03:08]} 63. Nce5+ {[%clk 0:04:59]} Kh5 {[%clk 0:03:12]} 64. g6
{[%clk 0:04:52]} Ne7 {[%clk 0:03:08]} 65. g7 {[%clk 0:04:44]} Kh6 1/2-1/2

[Event "Portugal Open Semirrapidas"]
[Site "Lisboa POR"]
[Date "2020.02.02"]
[Round "7.7"]
[White "PETROV, Nikita"]
[Black "FERREIRA, Hugo"]
[Result "1-0"]
[BlackElo "2126"]
[WhiteElo "2590"]
[LiveChessVersion "1.4.8"]

1. c4 {[%clk 0:15:04]} c5 {[%clk 0:14:58]} 2. Nc3 {[%clk 0:15:05]} Nf6 3. Nf3
{[%clk 0:15:07]} d5 {[%clk 0:15:03]} 4. cxd5 {[%clk 0:15:11]} Nxd5
{[%clk 0:15:07]} 5. e4 {[%clk 0:15:14]} Nc7 {[%clk 0:15:11]} 6. d4
{[%clk 0:14:29]} cxd4 {[%clk 0:14:06]} 7. Qxd4 {[%clk 0:14:25]} Bd7
{[%clk 0:13:56]} 8. Bf4 {[%clk 0:13:51]} Ne6 {[%clk 0:13:51]} 9. Qe3
{[%clk 0:13:48]} Nc6 {[%clk 0:10:31]} 10. Bg3 {[%clk 0:12:52]} Qa5
{[%clk 0:09:13]} 11. Bc4 {[%clk 0:12:04]} g6 {[%clk 0:08:43]} 12. O-O
{[%clk 0:11:43]} Bg7 {[%clk 0:08:45]} 13. Rfd1 {[%clk 0:11:17]} Rd8
{[%clk 0:08:31]} 14. Rd5 {[%clk 0:10:34]} Qb4 {[%clk 0:06:57]} 15. Bb3
{[%clk 0:09:31]} Ncd4 {[%clk 0:06:23]} 16. Rd1 {[%clk 0:06:39]} Nxb3
{[%clk 0:04:21]} 17. axb3 {[%clk 0:06:42]} Qxb3 {[%clk 0:04:01]} 18. Qd2
{[%clk 0:03:41]} O-O {[%clk 0:01:42]} 19. Rxd7 {[%clk 0:03:44]} Bxc3
{[%clk 0:01:45]} 20. Qxc3 {[%clk 0:02:37]} Qxd1+ {[%clk 0:01:17]} 21. Rxd1
{[%clk 0:02:40]} Rxd1+ {[%clk 0:01:22]} 22. Ne1 {[%clk 0:02:44]} Nd4
{[%clk 0:00:48]} 23. Kf1 {[%clk 0:02:35]} Rd8 {[%clk 0:00:45]} 24. f3
{[%clk 0:02:23]} b5 {[%clk 0:00:36]} 25. Qc7 {[%clk 0:02:14]} Nb3
{[%clk 0:00:22]} 26. Qxe7 {[%clk 0:01:33]} Nd2+ {[%clk 0:00:26]} 27. Ke2
{[%clk 0:01:35]} Nc4 {[%clk 0:00:30]} 28. Bf4 {[%clk 0:01:39]} R8d7
{[%clk 0:00:12]} 29. Qf6 {[%clk 0:01:17]} R7d2+ {[%clk 0:00:07]} 30. Bxd2
{[%clk 0:01:20]} Rxd2+ {[%clk 0:00:11]} 31. Kf1 {[%clk 0:01:23]} Ne3+
{[%clk 0:00:16]} 32. Kg1 {[%clk 0:01:27]} Re2 {[%clk 0:00:14]} 33. Qd8+
{[%clk 0:01:12]} Kg7 {[%clk 0:00:19]} 34. Qd4+ {[%clk 0:01:15]} Kg8
{[%clk 0:00:21]} 35. Qd3 {[%clk 0:00:26]} Rxe1+ {[%clk 0:00:13]} 36. Kf2
{[%clk 0:00:31]} 1-0

[Event "Portugal Open Semirrapidas"]
[Site "Lisboa POR"]
[Date "2020.02.02"]
[Round "7.8"]
[White "SARKAR, Justin"]
[Black "JANIK, Igor"]
[Result "0-1"]
[BlackElo "2527"]
[WhiteElo "2240"]
[LiveChessVersion "1.4.8"]

1. d4 {[%clk 0:12:52]} Nf6 {[%clk 0:15:09]} 2. c4 {[%clk 0:12:55]} e6
{[%clk 0:15:12]} 3. Nc3 {[%clk 0:12:50]} Bb4 {[%clk 0:15:14]} 4. Bg5
{[%clk 0:12:42]} c5 {[%clk 0:14:54]} 5. d5 {[%clk 0:12:45]} h6 {[%clk 0:14:36]}
6. Bh4 {[%clk 0:12:45]} Bxc3+ {[%clk 0:14:31]} 7. bxc3 {[%clk 0:12:48]} e5
{[%clk 0:14:35]} 8. Qc2 {[%clk 0:10:25]} d6 {[%clk 0:14:20]} 9. e4
{[%clk 0:09:33]} Nbd7 {[%clk 0:14:18]} 10. f3 {[%clk 0:09:20]} Nf8
{[%clk 0:14:18]} 11. Bf2 {[%clk 0:08:54]} Qa5 {[%clk 0:14:15]} 12. Bd3
{[%clk 0:08:41]} g5 {[%clk 0:14:13]} 13. Ne2 {[%clk 0:08:36]} Ng6
{[%clk 0:14:17]} 14. h4 {[%clk 0:07:54]} Rg8 {[%clk 0:14:05]} 15. hxg5
{[%clk 0:07:53]} hxg5 {[%clk 0:14:09]} 16. Qb3 {[%clk 0:07:42]} Nd7
{[%clk 0:13:44]} 17. Ng3 {[%clk 0:06:26]} Nf4 {[%clk 0:13:15]} 18. Bf1
{[%clk 0:06:28]} Nb6 {[%clk 0:13:19]} 19. Nf5 {[%clk 0:06:20]} Bxf5
{[%clk 0:11:56]} 20. exf5 {[%clk 0:06:23]} g4 {[%clk 0:12:00]} 21. fxg4
{[%clk 0:03:29]} e4 {[%clk 0:12:04]} 22. Bg3 {[%clk 0:03:23]} Nd3+
{[%clk 0:12:09]} 23. Bxd3 {[%clk 0:03:27]} exd3 {[%clk 0:12:13]} 24. Bxd6
{[%clk 0:03:27]} O-O-O {[%clk 0:12:16]} 25. Be7 {[%clk 0:03:18]} Rde8
{[%clk 0:12:09]} 26. d6 {[%clk 0:02:53]} Rxg4 {[%clk 0:12:11]} 27. O-O
{[%clk 0:02:05]} Reg8 {[%clk 0:11:48]} 28. Rf2 {[%clk 0:02:04]} Rxc4
{[%clk 0:11:51]} 29. Rd1 {[%clk 0:01:24]} Rg3 {[%clk 0:11:55]} 30. Kh2
{[%clk 0:00:35]} Re3 {[%clk 0:11:53]} 31. d7+ {[%clk 0:00:09]} Kxd7
{[%clk 0:11:36]} 32. Bg5 {[%clk 0:00:13]} Re8 {[%clk 0:11:07]} 33. Rxd3+
{[%clk 0:00:15]} Kc8 {[%clk 0:11:09]} 34. Rfd2 {[%clk 0:00:09]} Qa4
{[%clk 0:10:54]} 35. Bd8 {[%clk 0:00:07]} Rh4+ {[%clk 0:09:16]} 36. Kg1
{[%clk 0:00:10]} Qf4 {[%clk 0:09:17]} 37. Bxh4 {[%clk 0:00:09]} Qxh4
{[%clk 0:09:21]} 38. Rd1 {[%clk 0:00:06]} c4 {[%clk 0:09:22]} 39. Qb4
{[%clk 0:00:10]} Re1+ {[%clk 0:09:22]} 40. Rxe1 {[%clk 0:00:10]} Qxe1+
{[%clk 0:09:25]} 41. Kh2 {[%clk 0:00:13]} cxd3 {[%clk 0:09:24]} 42. Qf8+
{[%clk 0:00:12]} Kd7 {[%clk 0:09:27]} 43. Qxf7+ {[%clk 0:00:11]} Qe7
{[%clk 0:09:31]} 44. Qh5 {[%clk 0:00:07]} d2 {[%clk 0:09:32]} 0-1

[Event "Portugal Open Semirrapidas"]
[Site "Lisboa POR"]
[Date "2020.02.02"]
[Round "7.9"]
[White "MARTINS, Bruno"]
[Black "TABOAS RODRIGUEZ, Daniel"]
[Result "1/2-1/2"]
[BlackElo "2411"]
[WhiteElo "2235"]
[LiveChessVersion "1.4.8"]

1. e4 {[%clk 0:15:08]} e6 {[%clk 0:15:10]} 2. d4 {[%clk 0:15:11]} d5
{[%clk 0:15:15]} 3. Nd2 {[%clk 0:15:15]} Nc6 {[%clk 0:15:18]} 4. Ngf3
{[%clk 0:15:15]} Nf6 {[%clk 0:15:23]} 5. e5 {[%clk 0:15:18]} Ne4 {[%clk 0:15:27]}
6. Bd3 {[%clk 0:15:04]} Nxd2 {[%clk 0:15:30]} 7. Bxd2 {[%clk 0:14:53]} Nb4
{[%clk 0:15:34]} 8. Be2 {[%clk 0:13:56]} c5 {[%clk 0:15:32]} 9. c3
{[%clk 0:12:47]} Nc6 {[%clk 0:15:35]} 10. O-O {[%clk 0:11:53]} Bd7
{[%clk 0:15:38]} 11. Be3 {[%clk 0:11:04]} Qb6 {[%clk 0:15:40]} 12. Qd2
{[%clk 0:09:35]} Rc8 {[%clk 0:15:36]} 13. dxc5 {[%clk 0:09:20]} Bxc5
{[%clk 0:15:40]} 14. Bxc5 {[%clk 0:09:23]} Qxc5 {[%clk 0:15:43]} 15. Qg5
{[%clk 0:07:32]} O-O {[%clk 0:15:23]} 16. Bd3 {[%clk 0:05:49]} h6
{[%clk 0:15:25]} 17. Qg3 {[%clk 0:05:17]} Ne7 {[%clk 0:15:09]} 18. Nd4
{[%clk 0:04:37]} a6 {[%clk 0:14:58]} 19. Rad1 {[%clk 0:03:53]} Bb5
{[%clk 0:14:52]} 20. Bxb5 {[%clk 0:03:43]} axb5 {[%clk 0:14:56]} 21. a3
{[%clk 0:03:47]} Qc4 {[%clk 0:14:34]} 22. Qd3 {[%clk 0:03:34]} Nc6
{[%clk 0:14:30]} 23. f4 {[%clk 0:03:07]} Nxd4 {[%clk 0:14:28]} 24. Qxd4
{[%clk 0:03:09]} Qb3 {[%clk 0:14:27]} 25. Rd2 {[%clk 0:02:09]} Rc4
{[%clk 0:14:30]} 26. Qd3 {[%clk 0:02:12]} Re4 {[%clk 0:13:54]} 27. Re2
{[%clk 0:01:25]} Qc4 {[%clk 0:11:05]} 28. Qxc4 {[%clk 0:01:29]} Rxc4
{[%clk 0:11:09]} 29. Rd2 {[%clk 0:01:13]} Rfc8 {[%clk 0:10:55]} 30. g3
{[%clk 0:01:09]} Re4 {[%clk 0:10:58]} 31. Rfd1 {[%clk 0:01:07]} Rcc4
{[%clk 0:10:50]} 32. Rd4 {[%clk 0:01:03]} Re2 {[%clk 0:09:16]} 33. R4d2
{[%clk 0:00:59]} Re3 {[%clk 0:07:56]} 34. Rd3 {[%clk 0:00:50]} Re2
{[%clk 0:06:26]} 35. R3d2 {[%clk 0:00:48]} Rxd2 {[%clk 0:06:09]} 36. Rxd2
{[%clk 0:00:52]} g5 {[%clk 0:06:08]} 37. Rd4 {[%clk 0:00:27]} Kg7
{[%clk 0:06:12]} 38. Kf2 {[%clk 0:00:19]} Kg6 {[%clk 0:06:08]} 39. Kf3
{[%clk 0:00:10]} Kf5 {[%clk 0:05:49]} 40. g4+ {[%clk 0:00:07]} Kg6
{[%clk 0:05:53]} 41. Kg3 {[%clk 0:00:08]} f6 {[%clk 0:05:45]} 42. exf6 Kxf6
{[%clk 0:05:49]} 43. Rxc4 {[%clk 0:00:08]} bxc4 {[%clk 0:05:52]} 44. h4
{[%clk 0:00:11]} gxf4+ {[%clk 0:05:27]} 45. Kxf4 {[%clk 0:00:14]} e5+
{[%clk 0:05:32]} 46. Kf3 {[%clk 0:00:09]} d4 {[%clk 0:05:31]} 47. cxd4
{[%clk 0:00:13]} exd4 {[%clk 0:05:35]} 48. Ke4 {[%clk 0:00:16]} d3
{[%clk 0:05:39]} 49. Ke3 {[%clk 0:00:19]} b5 {[%clk 0:05:31]} 50. Kd2
{[%clk 0:00:19]} Ke5 {[%clk 0:05:33]} 51. g5 {[%clk 0:00:17]} hxg5
{[%clk 0:05:35]} 52. hxg5 {[%clk 0:00:21]} Kf5 {[%clk 0:04:36]} 53. b3
{[%clk 0:00:25]} cxb3 {[%clk 0:04:10]} 54. Kxd3 {[%clk 0:00:25]} Kxg5
{[%clk 0:04:14]} 55. Kc3 {[%clk 0:00:29]} Kf5 {[%clk 0:04:18]} 56. Kxb3
{[%clk 0:00:33]} Ke5 {[%clk 0:04:22]} 57. Kb4 {[%clk 0:00:36]} Kd6
{[%clk 0:04:26]} 58. Kxb5 {[%clk 0:00:40]} Kc7 1/2-1/2